| 000 | 00521nam a2200169 i 4500 | ||
|---|---|---|---|
| 001 | 36246 | ||
| 003 | ES-MaACL | ||
| 005 | 20230906155330.0 | ||
| 007 | t| | ||
| 008 | 030217s1966 sp ||||1| spa d | ||
| 100 | 1 |
_aBrooks, Roy. _931919 |
|
| 245 | 1 | 0 |
_aManual práctico del automovilista / _cpor Roy Brooks ; traducción Arturo Pousa Rovira. |
| 260 |
_aBarcelona : _bMontaner y Simón, _c[1966] |
||
| 300 |
_a168 p. : _bil. ; _c20 cm. |
||
| 700 | 1 |
_aPousa Rovira, Arturo. _993473 |
|
| 852 |
_aES-MaACL _jC-31003 _bR.61512 |
||
| 999 |
_c36246 _d36246 |
||